000 01274nam a22003617a 4500
003 CHAP
005 20220329134126.0
008 971013s1994 r 00010 d
010 _a15771
011 _a16743
035 _a20825
040 _cCHAP
090 _aTesis
100 0 0 _aMartínez Quezada, José Alvaro.
_972406
245 _aCrisis del café y estrategias campesinas entre los productores de la Unión de Ejidos Majomut en los Altos de Chiapas
260 _aChapingo, Méx. :
_bEl autor,
_c1994
300 _a154 h.
502 _aTesis (M.C. Esp. en Desarrollo Rural Regional) -- UACH. Dirección de Centros Regionales
590 _aALEPH
_b10
_c20130110
_lUCH01
_h1238
590 _aBATCH-UPD
_b10
_c20130110
_lUCH01
_h0854
590 _aBATCH-UPD
_b10
_c20130410
_lUCH01
_h0525
590 _aBATCH-UPD
_b10
_c20130914
_lUCH01
_h0808
590 _aCONVERSION
_b10
_c20130109
_lUCH01
_h1310
650 1 4 _aCafé
_xAspectos económicos.
_917090
650 1 4 _aCafé
_xChiapas.
_917115
650 1 4 _aCafé
_xRendimiento.
_917196
650 1 4 _aCafeticultores.
_917080
650 1 4 _aChiapas
_xCondiciones rurales.
_922226
901 _aBK
942 _cFOLL
949 _bBC
_cTES
_d-48468
_eTS1
_h30277
_i20825
_si
949 _bBC
_cTES
_d-69842
_eTS2
_fc.2
_h27329
_i20825
_si
999 _c15771
_d15771